000 00530cam a2200181 4500500
005 20260329002943.0
041 _afre
042 _adc
100 1 0 _aRusch, Pierre
_eauthor
245 0 0 _aLa Tiédeur
260 _c2014.
500 _a26
690 _aCatherine Portevin
690 _aPhilippe Garnier
690 _aTiédeur
786 0 _nPhilosophie magazine | 78 | 4 | 2014-04-01 | p. 65-65 | 1951-1787
856 4 1 _uhttps://shs.cairn.info/magazine-philosophie-magazine-2014-4-page-65?lang=fr&redirect-ssocas=7080
999 _c1819956
_d1819956